Logik zum Gebrauch für Schulen von J. G. C. Kiesewetter, Doktor und Proffesor der Philosophie

Hlavní autor: Kiesewetter, Johann Gottfried Carl Christian, 1766-1819
Jazyk: Němčina
Vydáno: Leipzig : bei H. A. Köchly, 1814
Vydání: Zweyte völlig umgearbeitete und vermehrte Auflage
Témata:
Externí odkaz: Titulní list
Titulní list 1. přívazku
Titulní list 2. přívazku
Titulní list 3. přívazku
Titulní list 4. přívazku
Fyzický popis: [16], 183 s. ; 8°
Knihy
Uloženo v:
LEADER 03039nam a2200541 a 4500
001 mzk03001207471
003 CZ BrMZK
005 20140930111519.0
007 ta
008 140930s1814 gw f |||| 0 ger d
040 |a BOA001  |b cze 
072 7 |a 16  |x Logika  |2 Konspekt  |9 5 
072 7 |a 094.5  |x Tisky (19. století)  |2 Konspekt 
080 |a 16  |2 MRF 
080 |a 025.171  |2 MRF 
080 |a (075)  |2 MRF 
100 1 |a Kiesewetter, Johann Gottfried Carl Christian,  |d 1766-1819  |7 ola2007364177  |4 aut 
245 1 0 |a Logik zum Gebrauch für Schulen von J. G. C. Kiesewetter, Doktor und Proffesor der Philosophie 
250 |a Zweyte völlig umgearbeitete und vermehrte Auflage 
260 |a Leipzig :  |b bei H. A. Köchly,  |c 1814 
300 |a [16], 183 s. ;  |c 8° 
500 |a Výzdoba: Linky, verzálky 
501 |a Obsahuje: Přívazek 1, Von den Ursachen und Folgen der Bernachlässigung des öffentlichen Gottesdienstes Zur Belehrung und Warnung ... / Simon Buchfetner. -- Přívazek 2, Sammlung böhmischer Redensarten und Spracheigenheiten, nebst Verzeichniße gewöhnlicher Sprachunrichtigkeiten, und mit Berichtigung derselben ... / Franz Trnka. -- Přívazek 3, Beylage zu der Topographie der Pfarre und Kirche St. Laurenz im Schottenfelde vom Jahre 1826. -- Přívazek 4, Rede des Herrn Johann Baptist l'Ecuy 
561 |a Provenience: [m.p.] Monasterio Rayhradensi: comparavit P. Cyrillus Okani... 1819 
563 |a Papírová vazba, lepenkové desky, modře stříkaná ořízka 
650 7 |a logika  |7 ph122436  |2 czenas 
650 7 |a historické knihovní fondy  |7 ph172933  |2 czenas 
655 7 |a učebnice  |7 fd133770  |2 czenas 
655 4 |a tisky 19. století 
856 4 1 |u https://imageserver.mzk.cz/mzk03/001/207/471/328100219002.titul.jp2  |y Titulní list 
856 4 1 |u https://imageserver.mzk.cz/mzk03/001/207/471/328100219002.titul1.jp2  |y Titulní list 1. přívazku 
856 4 1 |u https://imageserver.mzk.cz/mzk03/001/207/471/328100219002.titul2.jp2  |y Titulní list 2. přívazku 
856 4 1 |u https://imageserver.mzk.cz/mzk03/001/207/471/328100219002.titul3.jp2  |y Titulní list 3. přívazku 
856 4 1 |u https://imageserver.mzk.cz/mzk03/001/207/471/328100219002.titul4.jp2  |y Titulní list 4. přívazku 
910 |e BOE950  |c R - R. e. 11 
978 |b Köchly, H. A.  |a Leipzig  |c 1814 
981 1 |a Okánik, Cyril Martin,  |c OSB,  |d 1783-1855 
982 0 |a Rajhrad - benediktinský klášter 
984 |a Lipsko  |b Německo 
985 |a 1801-1850 
990 |a BK 
996 |e BOE950  |c R - R. e. 11 
980 |c 219002  |g R - R. e. 11  |1 328100219002  |p BNr: 13278 
991 |k rajhrad 
994 |a DN  |l MZK03  |b 001207476  |m záznam 1. díla (pro objednání pokračujte kliknutím)  |n přívazek 1 
994 |a DN  |l MZK03  |b 001207478  |m záznam 1. díla (pro objednání pokračujte kliknutím)  |n přívazek 2 
994 |a DN  |l MZK03  |b 001207481  |m záznam 1. díla (pro objednání pokračujte kliknutím)  |n přívazek 3 
994 |a DN  |l MZK03  |b 001207484  |m záznam 1. díla (pro objednání pokračujte kliknutím)  |n přívazek 4